000 00706nam a2200241 a 4500
001 BRCA_3989
005 20190320204513.0
008 150110s1956----po-a######---#000-0#por-#
041 _apor
044 _apo
050 4 _aN3215
_b.R45 3 1956
245 1 0 _aRelacão de obras de arte oferecidas em 1955 e 1956.
260 _aCaramulo, Portugal
_bMuseu do Caramulo
_c1956
300 _a28 p.
_bil., 31 láminas
_c19 cm.
500 _aVer también CDE68 y CDE69
500 _aCDE70
650 1 4 _aArte
_zCaramulo, Portugal
_910370
650 1 4 _aArte
_zPortugal
_910371
650 1 4 _aGalerías y museos
_zPortugal
_910372
710 2 _aMuseu do Caramulo (Portugal)
_910373
902 _aGFM
942 _2lcc
_cB
999 _c3715
_d3715